000
00408nam a22001097a 4500
082
_a
001
100
_a
चौधरी,पवन
_9
82370
245
_a
MPPSC प्रश्नलोक 4000 प्रश्नों का समागम
260
_a
इन्दौर
_b
शिवम एजुकेशन
_c
2024
650
_a
सामान्य ज्ञान
_9
328
942
_c
C. BOOKS
999
_c
66848
_d
66848